[Event "POL-chT 2nd League"]
[Site "Jastrzebia Gora"]
[Date "2019.09.10"]
[Round "4.8"]
[White "Sendera, Jaroslaw"]
[Black "Pawlowski, Maciej"]
[Result "1-0"]
[WhiteElo "2203"]
[BlackElo "1948"]
[PlyCount "75"]
[EventDate "2019.09.07"]
[EventType "team-swiss"]
[EventRounds "9"]
[EventCountry "POL"]
[SourceTitle "EXT 2020"]
[Source "ChessBase"]
[SourceDate "2019.10.17"]
[SourceVersion "1"]
[SourceVersionDate "2019.10.17"]
[SourceQuality "1"]
[WhiteTeam "Sedziszow Malopolski"]
[BlackTeam "Gliwice Roszada"]
[WhiteTeamCountry "POL"]
[BlackTeamCountry "POL"]

1. e4 e6 2. Nf3 d5 3. Nc3 Nf6 4. e5 Nfd7 5. d4 c5 6. dxc5 Nc6 7. Bf4 Bxc5 8. Bd3 f6 9. exf6 Nxf6 10. 0-0 0-0 11. Ne5 a6 12. Qe2 Bd6 13. Rae1 Qc7 14. Bg3 Nxe5 15. Bxe5 Bd7 16. Bxd6 Qxd6 17. Qe5 Qb6 18. b3 Rae8 19. h3 Qb4 20. f4 g6 21. a4 b5 22. axb5 Bxb5 23. Nxb5 axb5 24. Kh2 Nd7 25. Qg5 Kg7 26. Ra1 Nc5 27. Ra7+ Rf7 28. Rxf7+ Kxf7 29. f5 exf5 30. Bxf5 gxf5 31. Rxf5+ Ke6 32. Rf6+ Kd7 33. Qxd5+ Kc8 34. Qc6+ Kd8 35. Rd6+ Ke7 36. Qc7+ Kf8 37. Rf6+ Kg8 38. Qf7+ 1-0

[Event "Slask-ch Bak Memorial"]
[Site "Chorzow"]
[Date "2016.09.17"]
[Round "2"]
[White "Pawlowski, Maciej"]
[Black "Kaczmarski, Andrzej"]
[Result "1-0"]
[WhiteElo "2006"]
[BlackElo "1703"]
[PlyCount "75"]
[EventDate "2016.09.17"]
[EventType "swiss"]
[EventRounds "9"]
[EventCountry "POL"]
[SourceTitle "EXT 2018"]
[Source "ChessBase"]
[SourceDate "2017.10.13"]
[SourceVersion "1"]
[SourceVersionDate "2017.10.13"]
[SourceQuality "1"]

1. c4 e5 2. Nc3 g6 3. g3 Bg7 4. Bg2 Ne7 5. d3 0-0 6. e4 d6 7. Nge2 Be6 8. 0-0 Nd7 9. h3 c6 10. Be3 Qc7 11. f4 f5 12. Qd2 Rad8 13. Rac1 Qb8 14. Kh2 Nf6 15. c5 fxe4 16. cxd6 Qxd6 17. fxe5 Qxe5 18. Nxe4 Nxe4 19. Rxf8+ Rxf8 20. Bxe4 Nd5 21. Bxa7 Qh5 22. Ng1 Bh6 23. Qe1 Bxc1 24. Qxc1 Nf6 25. Bf3 Qa5 26. Bc5 Re8 27. Bd4 Qf5 28. g4 Nxg4+ 29. Bxg4 Qxd3 30. Bxe6+ Rxe6 31. Qf4 Qe4 32. Qxe4 Rxe4 33. Nf3 h6 34. Kg3 Kf7 35. Bc3 Ke6 36. Bd2 g5 37. Bxg5 Re2 38. Nd4+ 1-0

[Event "POL-chT U19 2nd League"]
[Site "Iwonicz"]
[Date "2015.08.01"]
[Round "8.13"]
[White "Pawlowski, Maciej"]
[Black "Karpus, Michal"]
[Result "0-1"]
[WhiteElo "2043"]
[BlackElo "2114"]
[PlyCount "110"]
[EventDate "2015.07.25"]
[EventType "team-swiss"]
[EventRounds "11"]
[EventCountry "POL"]
[SourceTitle "EXT 2019"]
[Source "ChessBase"]
[SourceDate "2018.10.10"]
[SourceVersion "1"]
[SourceVersionDate "2018.10.10"]
[SourceQuality "1"]
[WhiteTeam "Gliwice Carbo U19"]
[BlackTeam "Grudziadz Rotmistrz U19"]
[WhiteTeamCountry "POL"]
[BlackTeamCountry "POL"]

1. e4 e5 2. Nf3 Nc6 3. Bc4 Bc5 4. c3 Nf6 5. d3 d6 6. Bb3 0-0 7. Nbd2 h6 8. h3 Be6 9. Nf1 d5 10. Qe2 Re8 11. Ng3 a5 12. Ba4 dxe4 13. dxe4 Bd7 14. 0-0 Qc8 15. Kh2 Bf8 16. Be3 Nb8 17. Bb3 a4 18. Bc4 Bc6 19. Rad1 Nbd7 20. a3 b6 21. Nh4 Nc5 22. f3 Ne6 23. Bxe6 Qxe6 24. Nhf5 Kh7 25. Qd2 Bb5 26. Rg1 Bc4 27. Nh1 Bb3 28. Rde1 Rad8 29. Qc1 Nd7 30. g4 Bc5 31. h4 Bxe3 32. Qxe3 Nc5 33. Nf2 Rd7 34. Nh3 Rd3 35. Qf2 g6 36. Ne3 Red8 37. Re2 R3d7 38. Kg2 Nd3 39. Qg3 Qd6 40. Kh1 Qc5 41. Ng2 Qe7 42. Ne3 b5 43. Ng2 Qd6 44. Ne3 Nf4 45. Rh2 c6 46. Ng5+ hxg5 47. hxg5+ Kg8 48. Qh4 Kf8 49. Nf5 gxf5 50. gxf5 Rc7 51. g6 fxg6 52. fxg6 Rg7 53. Qh8+ Bg8 54. Rh7 Rxh7+ 55. gxh7 Qh6# 0-1

[Event "POL-ch U16"]
[Site "Szczyrk"]
[Date "2013.??.??"]
[Round "5"]
[White "Smieszek, Wojciech"]
[Black "Pawlowski, Maciej"]
[Result "0-1"]
[WhiteElo "1873"]
[BlackElo "1716"]
[PlyCount "66"]
[EventDate "2013.03.17"]
[EventType "swiss"]
[EventRounds "9"]
[EventCountry "POL"]
[SourceTitle "CBM 153 Extra"]
[Source "ChessBase"]
[SourceDate "2013.04.22"]
[SourceVersion "1"]
[SourceVersionDate "2013.04.22"]
[SourceQuality "1"]

1. e4 e6 2. d4 d5 3. Nc3 Nf6 4. Bg5 Be7 5. e5 Nfd7 6. Bxe7 Qxe7 7. f4 a6 8. Nf3 c5 9. dxc5 Nc6 10. Bd3 Nxc5 11. 0-0 b5 12. Qd2 0-0 13. Rae1 Rd8 14. Ne2 Qa7 15. Kh1 Ne4 16. Bxe4 dxe4 17. Nfd4 Rxd4 18. Nxd4 Qxd4 19. Qe2 Bb7 20. Rd1 Qb6 21. Rd7 Nd4 22. Qe3 Bd5 23. c3 Qc6 24. Rd6 Nf5 25. Qd2 Nxd6 26. exd6 Rd8 27. f5 e3 28. Qe2 Bc4 29. Qf3 Qxf3 30. Rxf3 e2 31. Re3 Rxd6 32. Kg1 Rd1+ 33. Kf2 Rf1+ 0-1

[Event "POL Region-ch U15"]
[Site "Szczyrk"]
[Date "2012.10.21"]
[Round "8.1"]
[White "Klimek, Piotr"]
[Black "Pawlowski, Maciej"]
[Result "1/2-1/2"]
[WhiteElo "1773"]
[BlackElo "1716"]
[PlyCount "67"]
[EventDate "2012.10.14"]
[EventType "swiss"]
[EventRounds "9"]
[EventCountry "POL"]
[SourceTitle "EXT 2023"]
[Source "ChessBase"]
[SourceDate "2022.10.05"]
[SourceVersion "1"]
[SourceVersionDate "2022.10.05"]
[SourceQuality "1"]

1. e4 e6 2. d4 d5 3. Nc3 Nf6 4. Bg5 Be7 5. e5 Nfd7 6. h4 a6 7. Bxe7 Qxe7 8. Qg4 f6 9. f4 c5 10. exf6 Nxf6 11. Qd1 c4 12. Qd2 b5 13. a3 Nc6 14. Nf3 0-0 15. g3 Rb8 16. Ne5 Bd7 17. Bh3 a5 18. 0-0 b4 19. Nxc6 Bxc6 20. axb4 axb4 21. Ne2 Ne4 22. Qe3 g6 23. Ra6 Qd7 24. Rfa1 Ra8 25. Qc1 Rfe8 26. Rxa8 Rxa8 27. Rxa8+ Bxa8 28. Qa1 Bc6 29. Qa5 Qe7 30. Qb6 Bd7 31. Kg2 Kf7 32. Ng1 Nd2 33. Nf3 Nxf3 34. Kxf3 1/2-1/2

[Event "Zabrze Mayor's Cup 34th"]
[Site "Zabrze"]
[Date "2011.09.24"]
[Round "2"]
[White "Pawlowski, Maciej"]
[Black "Kastelik, Adrian"]
[Result "0-1"]
[WhiteElo "1495"]
[BlackElo "2048"]
[PlyCount "54"]
[EventDate "2011.09.23"]
[EventType "swiss"]
[EventRounds "10"]
[EventCountry "POL"]
[SourceTitle "CBM 144 Extra"]
[Source "ChessBase"]
[SourceDate "2011.10.28"]
[SourceVersion "1"]
[SourceVersionDate "2011.10.28"]
[SourceQuality "1"]

1. e4 e5 2. Nf3 Nc6 3. Bc4 Nf6 4. d4 exd4 5. e5 Ng4 6. Bxf7+ Kxf7 7. Ng5+ Kg8 8. Qxg4 h6 9. Nf3 d6 10. Qe4 dxe5 11. Nxe5 Qe8 12. f4 Bd6 13. 0-0 Nxe5 14. fxe5 Qxe5 15. Qxe5 Bxe5 16. Nd2 b6 17. Nf3 Bf6 18. Bf4 c5 19. Ne5 Kh7 20. Rae1 Re8 21. a3 Ba6 22. Nd3 c4 23. Nb4 Bb7 24. Kf2 Rxe1 25. Rxe1 Rf8 26. g3 g5 27. Bd6 Be7+ 0-1